000 00474nam a2200169Ia 4500
003 GCL
008 140319s9999 xx 000 0 eng d
040 _aGCL /
_cGCL
082 0 4 _a808.0666
_bP T
100 1 _aPFEIFFER, WILLIAM
245 1 0 _aTECHNICAL WRITING A PRACTICAL APPROACH /
_cPFEIFFER, WILLIAM
260 _a[S.N] :
_bMAXWELL MACMILLAN INTERNATIONAL ،
_c1994
300 _a547 P
650 0 4 _aENGLISH LANGUAGE
650 0 4 _aTECHNICAL ENGLISH
942 _2ddc
_cBK
999 _c22001
_d22001